Detalles MARC
| 000 -LEADER |
| fixed length control field |
02155nam a2200385Ii 4500 |
| 001 - CONTROL NUMBER |
| control field |
DIGDEU2034 |
| 003 - CONTROL NUMBER IDENTIFIER |
| control field |
NyNyDIG |
| 006 - FIXED-LENGTH DATA ELEMENTS--ADDITIONAL MATERIAL CHARACTERISTICS |
| fixed length control field |
m o d |
| 007 - PHYSICAL DESCRIPTION FIXED FIELD--GENERAL INFORMATION |
| fixed length control field |
cr ||||||||||| |
| 008 - FIXED-LENGTH DATA ELEMENTS--GENERAL INFORMATION |
| fixed length control field |
130501s2003 sp o 000 0 spa d |
| 020 ## - INTERNATIONAL STANDARD BOOK NUMBER |
| International Standard Book Number |
9788498308389 |
| Qualifying information |
(eBook) |
| 020 ## - INTERNATIONAL STANDARD BOOK NUMBER |
| Canceled/invalid ISBN |
9788474858983 |
| 020 ## - INTERNATIONAL STANDARD BOOK NUMBER |
| Canceled/invalid ISBN |
8474858984 |
| 035 ## - SYSTEM CONTROL NUMBER |
| System control number |
(OCoLC)857077091 |
| 040 ## - CATALOGING SOURCE |
| Original cataloging agency |
DGITA |
| Language of cataloging |
eng |
| Description conventions |
pn |
| Transcribing agency |
DGITA |
| 050 14 - LIBRARY OF CONGRESS CALL NUMBER |
| Classification number |
R725.56 eBook |
| 245 00 - TITLE STATEMENT |
| Title |
Bioéticas para el siglo XXI : |
| Remainder of title |
"30 años de bioética", (1970-2000) : fundamentaciones, hermenéuticas, metodologías, contenidos .../ |
| Statement of responsibility, etc. |
Juan Vélez (coord.) ... [et al.]. |
| 264 #1 - PRODUCTION, PUBLICATION, DISTRIBUTION, MANUFACTURE, AND COPYRIGHT NOTICE |
| Place of production, publication, distribution, manufacture |
Bilbao : |
| Name of producer, publisher, distributor, manufacturer |
Universidad de Deusto, |
| Date of production, publication, distribution, manufacture, or copyright notice |
2003. |
| 300 ## - PHYSICAL DESCRIPTION |
| Extent |
1 online resource (215 pages) : |
| Other physical details |
ill. |
| 336 ## - CONTENT TYPE |
| Content type term |
text |
| Content type code |
txt |
| Source |
rdacontent |
| 337 ## - MEDIA TYPE |
| Media type term |
computer |
| Media type code |
c |
| Source |
rdamedia |
| 338 ## - CARRIER TYPE |
| Carrier type term |
online resource |
| Carrier type code |
cr |
| Source |
rdacarrier |
| 490 1# - SERIES STATEMENT |
| Series statement |
Serie Teología ; |
| Volume/sequential designation |
34. |
| 500 ## - GENERAL NOTE |
| General note |
"Deusto Digital" (front cover) |
| 505 0# - FORMATTED CONTENTS NOTE |
| Formatted contents note |
Prólogo -- Situación de la Bioética / Juan Vélez S.J. -- Fundamentaciones de la Bioética / Diego Gracia -- Las dimensiones valorativas de la Clonación humana / Carlos M.a Romeo -- Bioética y Tradición Católica / Javier Gafo S.J. -- Etica Cristiana y toma de decisiones en Bioética / Marciano Vidal -- Los cuidados paliativos: "Soporte emocional y espiritual" / José C. Bermejo -- Decisiones éticas en situaciones sanitarias conflictivas / María J. Goikoetxea -- Comités de ética hospitalaria: Objetivos, estructura y funcionamiento / Xabier Etxeberria -- La perspectiva interactiva en cuidados paliativos / Luis de Nicolás -- Presentación y resolución de casos relativos al SIDA /Lourdes Unzueta -- Presentación y resolución de casos en enfermos terminales / Daniel Solano |
| 650 #0 - SUBJECT ADDED ENTRY--TOPICAL TERM |
| Topical term or geographic name entry element |
Bioethics |
| General subdivision |
Religious aspects |
| -- |
Catholic Church. |
| 655 #0 - INDEX TERM--GENRE/FORM |
| Genre/form data or focus term |
Electronic books. |
| 700 1# - ADDED ENTRY--PERSONAL NAME |
| Personal name |
Vélez, Juan |
| 791 2# - |
| -- |
Digitalia (Firm), |
| -- |
distributor. |
| 793 0# - |
| -- |
Digitalia eBook Collection: |
| -- |
Universidad de Deusto. |
| 830 #0 - SERIES ADDED ENTRY--UNIFORM TITLE |
| Uniform title |
Serie Teología ; |
| Volume/sequential designation |
34. |
| 856 40 - ELECTRONIC LOCATION AND ACCESS |
| Materials specified |
Digitalia Hispánica |
| Uniform Resource Identifier |
<a href="https://www.digitaliapublishing.com/a/18148/">https://www.digitaliapublishing.com/a/18148/</a> |
| 910 ## - USER-OPTION DATA (OCLC) |
| User-option data |
Premium Collection: 2007-2012 |
| 942 ## - ADDED ENTRY ELEMENTS (KOHA) |
| Koha item type |
Recurso Electrónico |